دارا شکوہ (Record no. 20639)

MARC details
000 -LEADER
fixed length control field 01576nam a22003137a 4500
005 - DATE AND TIME OF LATEST TRANSACTION
control field 20090106115834.0
008 - FIXED-LENGTH DATA ELEMENTS--GENERAL INFORMATION
fixed length control field 090106t xxu||||| |||| 00| 0 urd d
010 ## - LCCN (DPL NO)
LC control number B-283777-781 , UR-7528
020 ## - INTERNATIONAL STANDARD BOOK NUMBER
International Standard Book Number 8182233291
Terms of availability 130.00
035 ## - SYSTEM CONTROL NUMBER
System control number B-283777-781
035 ## - SYSTEM CONTROL NUMBER
System control number U-6083
037 ## - SOURCE OF ACQUISITION
Source of stock number/acquisition PUB
040 ## - CATALOGING SOURCE
Original cataloging agency dpl
Language of cataloging urd
082 ## - DEWEY DECIMAL CLASSIFICATION NUMBER
Classification number ن
100 ## - MAIN ENTRY--PERSONAL NAME
Personal name عبدالستار
245 ## - TITLE STATEMENT
Title دارا شکوہ
Statement of responsibility, etc عبدالستار
246 ## - VARYING FORM OF TITLE
Title proper/short title Dara Shikoh
Remainder of title by Abdul Sattar
260 ## - PUBLICATION, DISTRIBUTION, ETC. (IMPRINT)
Date of publication, distribution, etc 2008
Place of publication, distribution, etc دہلی
Name of publisher, distributor, etc ایجوکیشنل پبلشنگ ہاوس
300 ## - PHYSICAL DESCRIPTION
Extent 154 p.
Other physical details 22 cm. (Hb)
650 ## - SUBJECT ADDED ENTRY--TOPICAL TERM
Topical term following geographic name as entry element Urdu Novel
650 ## - SUBJECT ADDED ENTRY--TOPICAL TERM
Topical term following geographic name as entry element بردو ناول
942 ## - ADDED ENTRY ELEMENTS (KOHA)
Source of classification or shelving scheme Dewey Decimal Classification
Item type Urdu Bks
Classification part ن
Call number suffix ع ب د
Holdings
Withdrawn status Lost status Source of classification or shelving scheme Damaged status Not for loan Collection code Home library Current library Date acquired Cost, normal purchase price Total Checkouts Full call number Barcode Date last seen Copy number Cost, replacement price Koha item type Public note Source of acquisition
    Dewey Decimal Classification     Fiction Central Library Central Library 06/01/2009 130.00   ن ع ب د B-283777 06/01/2009 1 130.00 Urdu Bks    
    Dewey Decimal Classification   Not For Loan Fiction D.B.Act.Division D.B.Act.Division 31/08/2009 130.00   ن ع ب د U-6083 31/08/2009 1 130.00 Urdu Bks   DBAD / PUB
    Dewey Decimal Classification     Fiction Karol Bagh Karol Bagh 06/01/2009 130.00   ن ع ب د B-283780 13/05/2017 1 130.00 Urdu Bks    
    Dewey Decimal Classification     Fiction Patel Nagar Patel Nagar 06/01/2009 130.00   ن ع ب د B-283778 06/01/2009 1 130.00 Urdu Bks    
    Dewey Decimal Classification     Fiction Sarojini Nagar Sarojini Nagar 06/01/2009 130.00   ن ع ب د B-283779 06/01/2009 1 130.00 Urdu Bks    
Withdrawn   Dewey Decimal Classification Damaged   Fiction Shahdara Branch Shahdara Branch 06/01/2009 130.00   ن ع ب د B-283781 06/01/2009 1 130.00 Urdu Bks This book is withdrawn from circulation due to wear and tear.  

© Delhi Public Library
Hit Counter
free hit counter